000 00688cam a2200253 4500
008 090401t1996 xxu||||| |||| 00| 0 eng d
020 _a0632040017
035 _a(Sirsi) u80872
041 _aeng
050 _a808.066
100 _aChappell, David
245 _aReport writing for architects and project managers
250 _a3rd ed.
260 _aOxford
_bBlackwell Science
_c1996
300 _aviii,160p. ; 24cm.
350 _a27.5
650 _aARCHITECTS
650 _aMANAGEMENT-PROJECT MANAGEMENT
650 _aPROJECT MANAGERS
650 _aREPORT WRITING
690 _aMANAGEMENT-BUSINESS MANAGEMENT-PROFESSIONAL PRACTICE
942 _n0
948 _c12/09/1997
999 _c96644
_d96644